000 00448nam a2200157 i 4500
001 150857
003 ES-MaACL
005 20230906203730.0
007 t|
008 071115s1973 sp ||||1| cat d
100 1 _aCaimari, Andreu.
_933467
245 1 0 _aTres englantines i un homenatge... /
_cAndreu Caimari.
260 _aPalma de Mallorca :
_bAjuntament d'Inca,
_c1973.
300 _a119 p. ;
_c22 cm.
852 _aES-MaACL
_jC-54319
_bR.87132
999 _c150857
_d150857